| 000 | 01590cam a2200325 4500 | ||
|---|---|---|---|
| 001 | ##E130730 | ||
| 002 | ##9144 | ||
| 008 | 050826n2005 000 0 eng u | ||
| 020 | _a190438837X | ||
| 035 | _a(Sirsi) u130730 | ||
| 041 | 0 | _aeng | |
| 050 | 0 | 4 | _a346.41043 $2 18 |
| 100 | 1 | _aFrangos, Marcos | |
| 245 |
_aCreating accessible environments _b a guide to the DDA and related legislation - a CPD study pack |
||
| 250 | _a3rd ed. | ||
| 260 |
_aReading _bCollege of Estate Management _c2005 |
||
| 300 |
_a63p. _c30cm. + 1 audio cd (ca. 60min.) |
||
| 350 | _a59.50 | ||
| 490 | _aCollege of Estate Management CPD Study Pack | ||
| 520 | _aAimed at building professionals this pack includes information on duties in employment and service provision under the Disability Discrimination Act 1995; alterations to leased premises; the Act itself and the Building Regulations 2000 Approved Document M (2004 Edition); "Design of buildings and their approaches to meet the needs of disabled : code of practice"; access audits, audit trails and planning for access improvements. | ||
| 520 | _aAccompanied by the Owlion audio CD "Disability Discrimination Act 1995 - update 2005" | ||
| 520 | _aSupersedes 2003 edition (ISBN 1904388086). | ||
| 590 | _aIKA270905 | ||
| 650 | 2 | 4 | _aDISABILITY DISCRIMINATION ACT 1995 |
| 650 | 2 | 4 | _aBS 8300: 2001 |
| 650 | 2 | 4 | _aBUILDING REGULATIONS 2000 APPROVED DOCUMENT M (2004 EDITION) |
| 690 | _aMANAGEMENT-BUSINESS MANAGEMENT-DISCRIMINATION-DISABILITY DISCRIMINATION-ACCESSIBILITY | ||
| 710 | 2 |
_aCollege of Estate Management _9400 |
|
| 942 | _n0 | ||
| 999 |
_c104543 _d104543 |
||